ESaT 2015 : proceedings of the International Conference on Engineering Sciences and Technologies. Tatranská Štrba, SR, 27. - 29. 5. 2015 /

Salvato in:
Dettagli Bibliografici
Ente Autore: International Conference on Engineering Sciences and Technologies Tatranská Štrba, Slovenská republika
Altri autori: Kvočák, Vincent (Revisore), Bálintová, Magdaléna (Revisore), Kozlovská, Mária (Revisore)
Natura: Atti del Convegno Libro
Lingua:inglese
Pubblicazione: Košice : Technical University of Košice, Faculty of Civil Engineering, 2015
Tags: Aggiungi Tag
Nessun Tag, puoi essere il primo ad aggiungerne!!

MARC

LEADER 00000nam a22000003a 4500
001 0004999
003 SK-STU
005 20150617230332.1
007 ta
008 150601s ----xo-----e------100-0-----d
020 |a 978-80-553-2042-7 
040 |a STU  |b slo 
041 0 |a eng 
044 |a xo 
111 2 |a International Conference on Engineering Sciences and Technologies  |d 27. - 29. 5. 2015  |c Tatranská Štrba, Slovenská republika 
245 1 0 |a ESaT 2015 :  |h elektronický zdroj  |b proceedings of the International Conference on Engineering Sciences and Technologies. Tatranská Štrba, SR, 27. - 29. 5. 2015 /  |c rec. Vincent Kvočák, Magdaléna Bálintová, Mária Kozlovská 
260 |a Košice :  |b Technical University of Košice, Faculty of Civil Engineering,  |c 2015 
300 |a CD-ROM 
700 1 |a Kvočák, Vincent  |r Z5  |4 rev 
700 1 |a Bálintová, Magdaléna  |4 rev 
700 1 |a Kozlovská, Mária  |r Z5  |4 rev 
996 |c V* 596/A  |l VV15  |s P  |a 0  |w 0004999_0001